000 nam a22 a 4500
999 _c390797
_d390797
003 BLK
005 20201028145220.0
008 180411b bul|||||r ||||||| ||bul||
010 _aKNG00197417000
040 _aBLK
041 _aBUL
_cBUL
080 _aИстория на Гърция (до 323 г. н. е.). Древна Гърция
_b94(38)
_z94(38)
100 _aHerodote
_eпърви автор
_9435724
139 _aHerodote
245 1 0 _aHistoires
_cHerodote; trad. nouv., avec une introd et des notes par P. Giguet.
250 _a6. Ed.
257 _aFRA
260 _aParis
_bLibr. Hachette
_c1886
_9215648
300 _a589 p.
_c18 см
380 _a9
490 _aКолекция Редки и ценни издания
_9435080
650 4 _aДревна Гърция - история
_9244549
653 _aДревна Гърция
653 _aистория
700 _aGiguet, P.
_etrad.
_9284
760 1 _aХеродот
_d1986
_h268 с. : с к.
_nКн. 1-3 са в едно книжно тяло. - Именен показалец.
_tЧ. 1. Кн. 1 - 3
852 _aРф 886
_bРц
856 4 _qpdf
856 4 _qpdf
942 _cKNG
_n0
_s1
944 _aCR
_c2020-10-28
_kТД
944 _aED
_c05.12.2016
_kВаля_Йорданова
999 _d390797
999 _d188399